000 00304 a2200121 4500
000 nam a22 7a 4500
005 20260220050248.0
020 _a9788197802225
100 _aRahul Sankrityayan
_91116330
245 _aRoos Mein Pachchis Mas
260 _bRadhakrishna Prakashan
_c2025
942 _cTEXL
999 _c1679995
_d1679995